LEADER 01003nlm0-2200349---450- 001 990008856920403321 005 20090520154303.0 010 $a0-660-19404-X 035 $a000885692 035 $aFED01000885692 035 $a(Aleph)000885692FED01 035 $a000885692 100 $a20090520d2006----km-y0itay50------ba 101 0 $aeng 102 $aCA 105 $a--------000yy 135 $ado--------nuu 200 1 $aMycorrhizas: anatomy and cell biology images$brisorsa elettronica$fR. Larrry Peterson ... [et al.] 210 $aOttawa$cNRC Research Press$d2006 215 $a1 cd-rom$d12 cm 230 $acd-rom format 337 $aRequisiti minimi di sistema: Javascript 610 0 $aMicorrize 676 $a589.2 702 1$aPeterson,$bR. Larry 801 0$aIT$bUNINA$gRICA$2UNIMARC 901 $aER 912 $a990008856920403321 952 $a60 CD 179$b11937$fFAGBC 959 $aFAGBC 996 $aMycorrhizas: anatomy and cell biology images$9804388 997 $aUNINA LEADER 01271nam0-22003251i-450 001 990004096290403321 005 20201002085005.0 010 $a9004-06297-1 035 $a000409629 100 $a19990604d1981----km-y0itay50------ba 101 2 $alat$agrc 102 $aNL 105 $ay 001yy 200 1 $aCommentatores and commentaries on Aristotle's Sophistici elenchi$ea study of post-aristotelian ancient and medieval writings on fallacies$fSten Ebbesen 210 $aLeiden$cBrill$d1981 215 $a3 v.$d24 cm 225 1 $aCorpus Latinum Commentariorum in Aristotelem Graecorum$v7 327 1 $a1.: The Greek tradition$a2.: Greek texts and fragments of the Latin translation of "Alexander's" Commentary$a3.: Appendices, Danish summary, indices 500 10$aDe Sophisticis elenchis$m$917094 610 0 $aAristotele$aElenchi Sofistici$aStudi 700 1$aEbbesen,$bSten$0157349 801 0$aIT$bUNINA$gRICA$2UNIMARC 901 $aBK 912 $a990004096290403321 952 $aP2B-610-ARISTOT.-425A (1)-1981$bBibl.3931$fFLFBC 952 $aP2B-610-ARISTOT.-425A (2)-1981$bBibl.3931$fFLFBC 952 $aP2B-610-ARISTOT.-425A (3)-1981$bBibl.3931$fFLFBC 959 $aFLFBC 996 $aDe Sophisticis elenchis$917094 997 $aUNINA